00682 2200193 4500001002100000005001700021008004100038035002500079082001300104090002300117100004400140245013800184250001100322260004600333300001800379650006100397850001200458990001800470YOGYA-0209000004184220150414095840.0 ind  a0010-020900000041842 a324.2598 aRT 324.2598bInd U aINDONESIA. Undang-undang, Peraturan dsb aUndang-undang RI No. 31 tahun 2003 tentang partai politik dilengkapi undang-undang RI No. 24 tahun 2003 tentang Mahkamah konstitusi.. aCet. 1 aJakartabDepartemen Dalam Negeri RIc2003 a85 hlmc21 cm aPartai Politik - Indonesia - Undang-undang dan peraturan aYOPDYOG a22571-PD/A.07